000 00292nam a2200133 a 4500
008 101022s1971|||| d
245 1 0 _aJazveci
100 1 _aLeonov, Leonid
044 _axo
_cSK
041 _aslo
260 _bPravda
_aBratislava
_c1971
020 _c24
250 _a2.vydanie
999 _c12075
_d12075